000 00511nam a2200181Ia 4500
005 20250326140535.0
008 250326s9999 xx 000 0 und d
037 _aTextbook
040 _aFMSL
_beng
_cFMSL
041 _aeng
_2eng
084 _aX:89ZB P0
_qFMSL
100 _aGangopadhy S
_9742521
245 0 _aEconomic reforms for the poor.
_cGangopadhy S; Wadhwa W
260 _aNew Delhi
_bNew Delhi, Konark
_c2000
300 _a514p
942 _cTB
_hX:89ZB P0
999 _c1286226
_d1286226